Assurance qualité de l'enseignement supérieur en Afrique subsaharienne : État de la question, défis, opportunités et pratiques positives,Peter Materu

Ce rapport rend cpmpte d 'état et de la practique de l'amélioration de l'assurance qualité (AQ) en Afrique subsaharienne avec un focus particulier sur les établissements de troisième cycle qui décernent des diplômes universitaires. L'un des résultats principal est que les...

Täydet tiedot

Tallennettuna:
Bibliografiset tiedot
Päätekijä: Materu, Peter
Aineistotyyppi: Kirja
Kieli:Undetermined
Julkaistu: Washington, D.C. Banque Mondiale 2008
Aiheet:
Tagit: Lisää tagi
Ei tageja, Lisää ensimmäinen tagi!
Thư viện lưu trữ: Trung tâm Học liệu Trường Đại học Cần Thơ
LEADER 01246nam a2200205Ia 4500
001 CTU_136434
008 210402s9999 xx 000 0 und d
082 |a 378.67 
082 |b M425 
100 |a Materu, Peter 
245 0 |a Assurance qualité de l'enseignement supérieur en Afrique subsaharienne : 
245 0 |b État de la question, défis, opportunités et pratiques positives,Peter Materu 
260 |a Washington, D.C. 
260 |b Banque Mondiale 
260 |c 2008 
520 |a Ce rapport rend cpmpte d 'état et de la practique de l'amélioration de l'assurance qualité (AQ) en Afrique subsaharienne avec un focus particulier sur les établissements de troisième cycle qui décernent des diplômes universitaires. L'un des résultats principal est que les processus structurés nationaux d'assurance qualité de l'enseignement superieur africain sont des phénomènes trẻs récents et que bon nombre de pays font face à des contraintes majeures de moyens. 
650 |a Education, Higher,Total quality management in higher education,Quality assurance 
650 |z Africa, Sub-Saharan,Africa, Sub-Saharan,Africa, Sub-Saharan 
904 |i Giang 
980 |a Trung tâm Học liệu Trường Đại học Cần Thơ